[Event "Weihnachtsopen (A)"]
[Site "Zurich"]
[Date "2010.12.28"]
[Round "4"]
[White "Boudkeev , Timour"]
[Black "Ernst, Heinz"]
[Result "0-1"]
[WhiteElo "1838"]
[BlackElo "2036"]
[PlyCount "76"]

1. d4 d5 2. c4 e6 3. Nc3 Nf6 4. e3 Be7 5. Nf3 Nbd7 6. Bd3 c6 7. O-O O-O 8. cxd5
exd5 9. Qc2 Bd6 10. e4 dxe4 11. Nxe4 Nxe4 12. Bxe4 Nf6 13. Bg5 h6 14. Bh4 Be7
15. Rfe1 Nxe4 16. Bxe7 Qxe7 17. Rxe4 Qf6 18. Qd2 Be6 19. Rf4 Qe7 20. Re1 Rad8
21. Ne5 Rd5 22. Ng4 Qd8 23. Re5 Rxe5 24. Nxe5 Qd5 25. b3 Rd8 26. Qe3 Qa5 27.
Qe2 Qc3 28. Rf3 Qa1+ 29. Qf1 Qxa2 30. h3 Rxd4 31. Qc1 Bxb3 32. Qe3 Qa1+ 33. Kh2
Bd5 34. Rg3 Re4 35. Rxg7+ Kxg7 36. Qg3+ Kh7 37. Qf3 Qxe5+ 38. g3 Re1 0-1

[Event "Weihnachtsopen (A)"]
[Site "Zurich"]
[Date "2010.12.28"]
[Round "4"]
[White "Voegeli, Max"]
[Black "Kuenzi, Mark"]
[Result "0-1"]
[WhiteElo "1803"]
[BlackElo "1950"]
[PlyCount "124"]

1. e4 c5 2. Nf3 Nc6 3. d3 g6 4. g3 Bg7 5. Bg2 Nf6 6. O-O O-O 7. Nbd2 d5 8. exd5
Nxd5 9. Re1 e6 10. Nf1 b6 11. Ne3 Bb7 12. Nc4 Qc7 13. Ne3 Nxe3 14. Rxe3 Rad8
15. Re1 c4 16. Qe2 cxd3 17. cxd3 Nb4 18. Bf4 Qc2 19. Rac1 Qxe2 20. Rxe2 Nxd3
21. Rc7 Nxf4 22. gxf4 Rd1+ 23. Ne1 Bxg2 24. Kxg2 Bxb2 25. Rxb2 Rxe1 26. Rxa7
Rb8 27. Rc2 Re4 28. Kf3 Rd4 29. Rcc7 Rf8 30. Rcb7 Rd6 31. Ra6 Kg7 32. a4 Kf6
33. Raxb6 Rxb6 34. Rxb6 Ra8 35. Rb4 Ra7 36. Ke4 Ke7 37. Kd4 Kd6 38. Rb6+ Kd7
39. Rb4 f6 40. Kc5 Kc7 41. Re4 Ra5+ 42. Kb4 Rf5 43. a5 Kb7 44. Rd4 h5 45. Rd7+
Kc6 46. Rd4 Rb5+ 47. Ka4 Rb2 48. Rc4+ Kd5 49. Rc8 Rxf2 50. Kb5 Rb2+ 51. Ka6
Rxh2 52. Ka7 Ra2 53. a6 Ke4 54. Kb6 Kxf4 55. a7 g5 56. Rc4+ Ke3 57. Rc5 Rxa7
58. Kxa7 h4 59. Rc6 f5 60. Rxe6+ Kf4 61. Rh6 Kg3 62. Rh5 Kg4 0-1

[Event "Weihnachtsopen (A)"]
[Site "Zurich"]
[Date "2010.12.28"]
[Round "4"]
[White "Hofstetter, Thomas"]
[Black "Sprenger, Raphael"]
[Result "1/2-1/2"]
[WhiteElo "1868"]
[BlackElo "1997"]
[PlyCount "59"]

1. d4 Nf6 2. Nf3 g6 3. c3 Bg7 4. Bg5 d6 5. Nbd2 h6 6. Bxf6 Bxf6 7. g3 O-O 8.
Bg2 Bg7 9. O-O c5 10. Qb3 Qc7 11. Rfe1 Nc6 12. Rac1 Rb8 13. a4 Na5 14. Qc2 c4
15. e4 Bd7 16. Ra1 e5 17. b4 cxb3 18. Nxb3 Rfc8 19. dxe5 dxe5 20. Nxa5 Qxa5 21.
c4 Rc6 22. Red1 Be6 23. Bf1 Bg4 24. Rd5 Qc7 25. Nd2 Be6 26. Rb5 a6 27. Rb2 b5
28. axb5 axb5 29. Rab1 Rcb6 30. c5 1/2-1/2

[Event "Weihnachtsopen (A)"]
[Site "Zurich"]
[Date "2010.12.28"]
[Round "4"]
[White "Cucchiani , Claudio"]
[Black "Germann, Leo"]
[Result "1/2-1/2"]
[WhiteElo "2035"]
[BlackElo "1798"]
[PlyCount "84"]

1. d4 d5 2. c4 e6 3. Nc3 c5 4. Nf3 Nc6 5. e3 Nf6 6. cxd5 exd5 7. Be2 Be7 8. O-O
O-O 9. dxc5 Bxc5 10. Nd4 Nxd4 11. exd4 Be7 12. Bf4 Bf5 13. Qb3 Qd7 14. Bb5 Qd8
15. Rfe1 a6 16. Bf1 b5 17. Be5 Be6 18. Bd3 Rc8 19. h3 Qd7 20. Re3 Rfd8 21. Rae1
Ne4 22. Qd1 Nxc3 23. bxc3 Bd6 24. Qh5 g6 25. Qg5 Bxe5 26. dxe5 Bf5 27. Bxf5
Qxf5 28. Qg3 Rc6 29. Rf3 Qd7 30. h4 Re6 31. h5 Kg7 32. Ree3 Rde8 33. hxg6 hxg6
34. Qf4 Rh8 35. Rh3 Qe8 36. Qf6+ Rxf6 37. exf6+ Kxf6 38. Rhf3+ Kg7 39. Rxe8
Rxe8 40. Rd3 Rc8 41. Kf1 Kf6 42. Ke1 Ke5 1/2-1/2

[Event "Weihnachtsopen (A)"]
[Site "Zurich"]
[Date "2010.12.28"]
[Round "4"]
[White "Pogan, Sebastian"]
[Black "Hoang , Harry"]
[Result "1-0"]
[WhiteElo "1947"]
[BlackElo "1861"]
[PlyCount "127"]

1. d4 d5 2. c4 c6 3. Nf3 Nf6 4. Nc3 e6 5. Bg5 Nbd7 6. e3 Qa5 7. cxd5 Nxd5 8.
Qc2 Bb4 9. Rc1 Qxa2 10. Bd3 Nxc3 11. bxc3 Qxc2 12. Rxc2 Bd6 13. Kd2 O-O 14. Ra1
a6 15. Bh4 c5 16. Rb2 Re8 17. Kc2 Rb8 18. Nd2 cxd4 19. exd4 b5 20. Ne4 Bc7 21.
Bg3 Bxg3 22. hxg3 Rb6 23. c4 f5 24. Ng5 h6 25. Nf3 Rc6 26. Kd2 bxc4 27. Rc1 Nb6
28. Ne5 Rd6 29. Nxc4 Nxc4+ 30. Rxc4 Red8 31. Rb8 Rxd4 32. Rxd4 Rxd4 33. Rxc8+
Kf7 34. Ra8 e5 35. Ke3 Ra4 36. Bxf5 a5 37. Ra6 Ra3+ 38. Bd3 Ke7 39. g4 Ra4 40.
f3 Kf7 41. Rc6 Rb4 42. Rc5 Kf6 43. Rxa5 Rd4 44. Ra6+ Kf7 45. Bf5 Rf4 46. Re6
Ra4 47. Rxe5 Rb4 48. Rc5 Kf6 49. Be4 Rb2 50. Rc6+ Ke7 51. Rc2 Rb5 52. Kf4 Kf6
53. Rc6+ Kf7 54. Rd6 Ke7 55. Rd5 Rb6 56. Ke5 Re6+ 57. Kd4 Ra6 58. Rc5 Rd6+ 59.
Bd5 Rg6 60. Rc7+ Kd8 61. Rf7 Ke8 62. Ke5 Rg5+ 63. Rf5 Rg6 64. Bf7+ 1-0

[Event "Weihnachtsopen (M)"]
[Site "Zürich"]
[Date "2010.12.29"]
[Round "5"]
[White "Meier, Georg"]
[Black "Milov, Leonid"]
[Result "1/2-1/2"]
[WhiteElo "2656"]
[BlackElo "2564"]
[PlyCount "89"]

1. d4 d5 2. c4 c6 3. Nf3 Nf6 4. e3 Bf5 5. Nc3 e6 6. Nh4 Bg6 7. Be2 Nbd7 8. O-O
Bd6 9. g3 O-O 10. a3 Qe7 11. Nxg6 hxg6 12. Qb3 Rab8 13. c5 Bc7 14. Qa4 a6 15.
f4 Ne4 16. Nxe4 dxe4 17. h4 f5 18. Bd2 Nf6 19. Qc2 Ra8 20. b4 Ra7 21. a4 Rfa8
22. Ra2 Nd5 23. Rfa1 Qe8 24. Kf2 Kh7 25. Qb3 Kg8 26. Qc2 Kh7 27. Rh1 Kg8 28.
Raa1 Qe7 29. Rag1 Kf7 30. g4 Rh8 31. h5 gxh5 32. gxh5 Raa8 33. Rg5 Rh7 34. Rhg1
Qf6 35. Qb3 Qe7 36. R1g3 Ke8 37. Qd1 Bd8 38. Kg2 Qf7 39. Rg6 Bf6 40. Rh3 Ke7
41. Rgg3 Rg8 42. Rg6 Rgh8 43. Rgg3 Rg8 44. Rg6 Rgh8 45. Rgg3 1/2-1/2

[Event "Weihnachtsopen (M)"]
[Site "Zürich"]
[Date "2010.12.29"]
[Round "5"]
[White "Bauer, Christian"]
[Black "Philippe, Christoph"]
[Result "1-0"]
[WhiteElo "2619"]
[BlackElo "2422"]
[PlyCount "79"]

1. g3 g6 2. Bg2 Bg7 3. c4 e5 4. Nc3 Nc6 5. e3 d6 6. Nge2 Nge7 7. d3 O-O 8. O-O
Be6 9. Nd5 Qd7 10. e4 f5 11. Be3 Rf7 12. Qd2 Raf8 13. f3 Nc8 14. Rac1 Nd8 15.
b3 c6 16. Ndc3 f4 17. gxf4 Bh3 18. fxe5 dxe5 19. d4 Bxg2 20. Kxg2 exd4 21. Nxd4
Ne6 22. Nce2 Be5 23. Rcd1 a6 24. Nxe6 Qxe6 25. Bh6 Re8 26. Ng3 b5 27. c5 Bc7
28. f4 Qe7 29. Qe3 Rd8 30. Bg5 Rxd1 31. Rxd1 Qe6 32. Qd2 a5 33. Bh6 Qe8 34. a3
Re7 35. Qd4 Qf7 36. Rd3 Re8 37. Qd7 Qxd7 38. Rxd7 Re7 39. Rd3 Kf7 40. Bg5 1-0

[Event "Weihnachtsopen (M)"]
[Site "Zürich"]
[Date "2010.12.29"]
[Round "5"]
[White "Hamdouchi, Hicham"]
[Black "Klauser, Markus"]
[Result "1-0"]
[WhiteElo "2591"]
[BlackElo "2372"]
[PlyCount "67"]

1. d4 g6 2. e4 Bg7 3. Nf3 d6 4. Bc4 e6 5. Bb3 Nd7 6. O-O Ne7 7. Nc3 a6 8. Ne2
O-O 9. a4 c5 10. Bf4 e5 11. dxe5 Nxe5 12. Nxe5 Bxe5 13. Bh6 Re8 14. f4 Bxb2 15.
f5 d5 16. Rb1 Be5 17. f6 c4 18. fxe7 Qb6+ 19. Kh1 cxb3 20. Rxb3 Qd6 21. Nf4
dxe4 22. Nd5 Bg4 23. Qd2 Be6 24. Nf6+ Kh8 25. Qxd6 Bxd6 26. Nxe8 Rxe8 27. Rxb7
Bxe7 28. Rfb1 Bd6 29. R7b6 Bc5 30. Rb8 Bc8 31. R1b7 Bd6 32. Ra8 g5 33. Rb3 Bf4
34. Rc3 1-0

[Event "Weihnachtsopen (M)"]
[Site "Zürich"]
[Date "2010.12.29"]
[Round "5"]
[White "Wyss, Jonas"]
[Black "Bindrich, Falko"]
[Result "0-1"]
[WhiteElo "2307"]
[BlackElo "2504"]
[PlyCount "94"]

1. d4 d5 2. c4 c6 3. Nf3 Nf6 4. e3 Bf5 5. Nc3 e6 6. Nh4 Bg6 7. Be2 Nbd7 8. O-O
dxc4 9. Nxg6 hxg6 10. Bxc4 Bd6 11. h3 Nb6 12. Bb3 e5 13. dxe5 Bxe5 14. Qxd8+
Rxd8 15. Ne2 O-O 16. f4 Bd6 17. Ng3 Bc5 18. Kf2 Nbd5 19. Kf3 Nb4 20. Rd1 Rxd1
21. Bxd1 Rd8 22. Be2 Nc2 23. Rb1 Nd5 24. Nf1 Re8 25. Bc4 Ndxe3 26. Bxe3 Bxe3
27. Nxe3 Rxe3+ 28. Kf2 Re4 29. Bd3 Rd4 30. Bxc2 Rd2+ 31. Kf3 Rxc2 32. a4 Kf8
33. b4 Rc3+ 34. Kg4 Rc4 35. b5 Rxa4 36. bxc6 bxc6 37. Rb8+ Ke7 38. Rb7+ Kf6 39.
Rc7 Rc4 40. Rxa7 g5 41. g3 gxf4 42. gxf4 g5 43. Rc7 Rxf4+ 44. Kg3 Rc4 45. Rc8
Rc3+ 46. Kg4 Rc4+ 47. Kg3 Kf5 0-1

[Event "Weihnachtsopen (M)"]
[Site "Zürich"]
[Date "2010.12.29"]
[Round "5"]
[White "Wagner, Dennis"]
[Black "Ballmann, Martin"]
[Result "1-0"]
[WhiteElo "2178"]
[BlackElo "2377"]
[PlyCount "61"]

1. d4 Nf6 2. c4 g6 3. Nc3 Bg7 4. e4 d6 5. Nf3 O-O 6. Be2 a6 7. O-O c6 8. h3 b5
9. e5 Ne8 10. Bf4 Nd7 11. Qd2 dxe5 12. dxe5 Nc7 13. Rad1 Ne6 14. Bg3 b4 15. Ne4
Qa5 16. Qe3 Nxe5 17. Nxe5 Bxe5 18. Bxe5 Qxe5 19. f4 Qxb2 20. f5 gxf5 21. Rxf5
Ng7 22. Rg5 f6 23. Rg3 f5 24. Rf3 Qe5 25. Qh6 Qxe4 26. Re3 Qc2 27. Rxe7 Qb2 28.
Rd6 f4 29. Bd3 Bf5 30. Bxf5 Rxf5 31. Rdd7 1-0

[Event "Weihnachtsopen (M)"]
[Site "Zürich"]
[Date "2010.12.29"]
[Round "5"]
[White "Rindlisbacher, Jan"]
[Black "Botta, Gabriele"]
[Result "1-0"]
[WhiteElo "2155"]
[BlackElo "2270"]
[PlyCount "117"]

1. d4 Nf6 2. c4 c5 3. d5 e6 4. Nc3 exd5 5. cxd5 d6 6. e4 g6 7. h3 Bg7 8. Nf3
O-O 9. Bd3 a6 10. a4 Nbd7 11. O-O Qe7 12. Bf4 Re8 13. Bh2 h6 14. Bc2 Rb8 15.
Qe2 Nh7 16. Nd2 Nhf8 17. f4 g5 18. Nc4 gxf4 19. Bxf4 Ne5 20. Nxe5 Bxe5 21. Qh5
Bxf4 22. Rxf4 Ng6 23. Raf1 Nxf4 24. Rxf4 Rf8 25. Qxh6 Qe5 26. Rf3 f6 27. Ne2
Kf7 28. Nf4 Rg8 29. Nh5 f5 30. Qh7+ Kf8 31. exf5 Qe1+ 32. Rf1 Qe3+ 33. Kh1 Qg5
34. Nf4 Rg7 35. Ng6+ Kf7 36. Qh8 Rg8 37. Qh7+ Rg7 38. Qh4 Qxh4 39. Nxh4 Bd7 40.
f6 Rg3 41. Bf5 Rd8 42. Kh2 Rg5 43. g4 Bxf5 44. Nxf5 Rg6 45. h4 Kxf6 46. Kg3 Rd7
47. Kf4 Rg8 48. g5+ Kg6 49. Kg4 Re8 50. h5+ Kh7 51. g6+ Kg8 52. h6 Re5 53. Kg5
Rxd5 54. h7+ Rxh7 55. gxh7+ Kxh7 56. Rh1+ Kg8 57. Kf6 Rd2 58. Ne7+ Kf8 59. Rh8#
1-0

[Event "Weihnachtsopen (M)"]
[Site "Zürich"]
[Date "2010.12.29"]
[Round "5"]
[White "Rindlisbacher, Lars"]
[Black "Moor, Olivier"]
[Result "1-0"]
[WhiteElo "2172"]
[BlackElo "2428"]
[PlyCount "141"]

1. e4 e6 2. d4 d5 3. Nd2 c5 4. exd5 exd5 5. Ngf3 c4 6. b3 cxb3 7. axb3 Nc6 8.
Bb5 Bb4 9. O-O Nge7 10. Ne5 O-O 11. Bxc6 bxc6 12. Nd3 Bd6 13. Ba3 Nf5 14. Nf3
f6 15. Qd2 Re8 16. Bxd6 Nxd6 17. Rfe1 Rxe1+ 18. Nfxe1 a5 19. f3 g5 20. Nc5 Kf7
21. Ned3 Ra7 22. Rf1 Kg7 23. Re1 Nf5 24. Nf2 Re7 25. Rxe7+ Qxe7 26. Nd1 Nxd4
27. Nd3 Bf5 28. Ne3 Bg6 29. Kf2 Qa7 30. g3 a4 31. bxa4 Qxa4 32. Nc5 Qa1 33.
Qxd4 Qxd4 34. Ne6+ Kf7 35. Nxd4 c5 36. Nb3 d4 37. Nc4 Ke6 38. Na3 Kd5 39. Nd2
f5 40. f4 gxf4 41. gxf4 Bh5 42. Nab1 c4 43. c3 dxc3 44. Nxc3+ Kd4 45. Nb5+ Kd3
46. Nxc4 Kxc4 47. Nd6+ Kd5 48. Nxf5 Bf7 49. Nh6 Be8 50. Kf3 Ke6 51. f5+ Kf6 52.
Kf4 Ba4 53. Ng4+ Kf7 54. Kg5 Bc2 55. Ne5+ Kf8 56. Kf6 Ba4 57. Nf3 Bc2 58. Nd4
Bd3 59. Ne6+ Kg8 60. Ng5 Bc2 61. Ke6 Bd3 62. Kf6 Bc2 63. Ke6 Bd3 64. h4 Bc2 65.
Kf6 Bd3 66. Ke6 Kg7 67. Nf3 Bc4+ 68. Ke7 Kh6 69. Ng5 Bd3 70. f6 Bg6 71. Nf3 1-0

[Event "Weihnachtsopen (M)"]
[Site "Zürich"]
[Date "2010.12.29"]
[Round "5"]
[White "Schaffner, David"]
[Black "Di Fonzo, Valerio"]
[Result "1-0"]
[WhiteElo "1968"]
[BlackElo "2183"]
[PlyCount "45"]

1. e4 e5 2. f4 exf4 3. Bc4 Nf6 4. Nc3 c6 5. Bb3 d5 6. exd5 cxd5 7. d4 Bd6 8.
Qf3 Bg4 9. Qf2 O-O 10. Nge2 Re8 11. O-O Bxe2 12. Nxe2 Ng4 13. Qf3 Nxh2 14. Kxh2
Rxe2 15. Kg1 Qe7 16. Bxd5 Nc6 17. c3 Re8 18. Bxf4 Bxf4 19. Qxf4 Nd8 20. Rf3
Rxb2 21. Raf1 Rf8 22. Re3 Ne6 23. Rxe6 1-0

[Event "Weihnachtsopen (M)"]
[Site "Zürich"]
[Date "2010.12.29"]
[Round "5"]
[White "Wuethrich, Lorenz"]
[Black "Langwieser, Alexander"]
[Result "1-0"]
[WhiteElo "2119"]
[BlackElo "2067"]
[PlyCount "81"]

1. d4 d5 2. c4 c6 3. Nc3 Nf6 4. Nf3 e6 5. Bg5 h6 6. Bh4 dxc4 7. e4 g5 8. Bg3 b5
9. Be2 Bb7 10. h4 g4 11. Ne5 h5 12. O-O a6 13. Re1 Bg7 14. f3 Nfd7 15. Nxd7
Nxd7 16. d5 gxf3 17. Bxf3 Be5 18. Bf2 Nf6 19. Qe2 Qc7 20. dxc6 Bxc6 21. Nd5 Qb7
22. Nxf6+ Bxf6 23. a4 Be5 24. Ra2 c3 25. bxc3 Bxc3 26. Rb1 b4 27. a5 Rd8 28.
Be1 Bb5 29. Qc2 Qa7+ 30. Bf2 Qe7 31. Be2 Rd2 32. Bxb5+ axb5 33. Qb3 Qf6 34.
Rxd2 Bxd2 35. Qd3 Qc3 36. Qxb5+ Kf8 37. Qb6 Kg8 38. Bd4 Qc8 39. Bxh8 Qc2 40.
Qd8+ Kh7 41. Rf1 1-0

[Event "Weihnachtsopen (M)"]
[Site "Zürich"]
[Date "2010.12.29"]
[Round "5"]
[White "Issler, Christian"]
[Black "Aeschbach, Philipp"]
[Result "0-1"]
[WhiteElo "2114"]
[BlackElo "1964"]
[PlyCount "168"]

1. d4 d5 2. Nf3 Nf6 3. Bg5 Ne4 4. Bf4 c5 5. c3 Nc6 6. e3 Qb6 7. Qb3 c4 8. Qxb6
axb6 9. Nbd2 Bf5 10. Nxe4 Bxe4 11. Nd2 Bg6 12. Be2 f6 13. O-O e5 14. Bg3 b5 15.
a3 Be7 16. dxe5 fxe5 17. Nf3 Bf6 18. Rad1 Rd8 19. Rd2 O-O 20. Rfd1 Be4 21. h4
Na5 22. Nxe5 Nb3 23. Bg4 Bxe5 24. Bxe5 Nxd2 25. Rxd2 Bf5 26. Bf3 Be6 27. Bc7
Rd7 28. Ba5 g6 29. Bb6 h6 30. Bc5 Rc8 31. Bd4 g5 32. hxg5 hxg5 33. g3 Rf8 34.
Bg2 Rff7 35. Be5 Kh7 36. Bd4 Bg4 37. Bc5 Bf3 38. Bxf3 Rxf3 39. Kg2 g4 40. Bd4
Kg6 41. Be5 Rff7 42. Bf4 Kf5 43. Rd4 Rh7 44. Bb8 Rd8 45. Rf4+ Ke6 46. Ba7 Rg8
47. Bd4 Rf7 48. Rxf7 Kxf7 49. f3 Ke6 50. fxg4 Rxg4 51. Kf3 Kf5 52. Bc5 Rg7 53.
Bd6 Rh7 54. g4+ Ke6 55. Bb4 Rh2 56. e4 Rxb2 57. exd5+ Kxd5 58. Kf4 Ke6 59. Kg5
Kf7 60. Kf5 Rf2+ 61. Ke5 Rd2 62. Bc5 Kg6 63. Bd4 Rd3 64. Kd5 Kg5 65. Kc5 Kxg4
66. Bh8 Rh3 67. Bd4 Rh5+ 68. Kb6 Kf3 69. Bc5 Ke4 70. Kxb5 Kd3 71. Kb4 Rxc5 72.
Kxc5 Kxc3 73. a4 Kb3 74. a5 c3 75. Kb6 c2 76. Kxb7 c1=Q 77. a6 Qh1+ 78. Kb8
Qh8+ 79. Kb7 Qg7+ 80. Kb8 Qf8+ 81. Kb7 Qe7+ 82. Kb8 Qd8+ 83. Kb7 Qd7+ 84. Kb8
Qb5+ 0-1

[Event "Weihnachtsopen (A)"]
[Site "Zürich"]
[Date "2010.12.29"]
[Round "5"]
[White "Pogan, Sebastian"]
[Black "Klaus, Ingo"]
[Result "1-0"]
[WhiteElo "1947"]
[BlackElo "2043"]
[PlyCount "123"]

1. d4 Nf6 2. c4 e6 3. Nc3 Bb4 4. a3 Bxc3+ 5. bxc3 c5 6. f3 Nc6 7. e4 d6 8. Be3
b6 9. Bd3 O-O 10. Qc2 Qc7 11. Ne2 e5 12. O-O Ba6 13. f4 Ng4 14. Bc1 cxd4 15.
cxd4 Nxd4 16. Nxd4 Qc5 17. Bb2 exd4 18. Qe2 Ne3 19. Rf3 Rae8 20. Rc1 f5 21.
Bxd4 Qxd4 22. Qxe3 Qc5 23. Qxc5 dxc5 24. e5 g6 25. a4 Rf7 26. a5 bxa5 27. Ra1
Rd7 28. Rxa5 Bb7 29. Re3 a6 30. Rxc5 Re6 31. Be2 Be4 32. Rxe4 fxe4 33. Bg4 Kf7
34. Ra5 e3 35. Kf1 Rd2 36. Bxe6+ Kxe6 37. Rxa6+ Kf5 38. e6 Rd4 39. Ke2 Rxc4 40.
e7 Re4 41. g3 Kg4 42. Ra7 h5 43. Ra6 Rxe7 44. Rxg6+ Kh3 45. f5 Kxh2 46. g4 hxg4
47. Rxg4 Re5 48. f6 Rf5 49. Rg6 Kh3 50. Kxe3 Kh4 51. Ke4 Rf1 52. Ke5 Kh5 53.
Rg2 Kh6 54. Ke6 Re1+ 55. Kd7 Rd1+ 56. Ke7 Re1+ 57. Kf8 Ra1 58. Re2 Ra8+ 59. Re8
Ra6 60. f7 Ra2 61. Kg8 Rg2+ 62. Kh8 1-0

[Event "Weihnachtsopen (A)"]
[Site "Zürich"]
[Date "2010.12.29"]
[Round "5"]
[White "Stucki, Ramon"]
[Black "Kajtez, Mile"]
[Result "1-0"]
[WhiteElo "1965"]
[BlackElo "1918"]
[PlyCount "121"]

1. e4 c5 2. Nf3 Nc6 3. d4 cxd4 4. Nxd4 g6 5. Nc3 Bg7 6. Be3 a6 7. Qd2 e6 8. Be2
Nxd4 9. Bxd4 Bxd4 10. Qxd4 Qf6 11. e5 Qg5 12. O-O f5 13. Na4 b5 14. Nb6 Rb8 15.
Qd6 Rxb6 16. Qxb6 f4 17. Qc7 Ne7 18. a4 bxa4 19. Rxa4 O-O 20. Bf3 Nf5 21. Kh1
Nh4 22. Ra3 h5 23. Be4 f3 24. Bxf3 Rxf3 25. Qxc8+ Rf8 26. Qb7 Rf7 27. g3 Nf5
28. Qe4 h4 29. f4 Qh6 30. Kg1 hxg3 31. hxg3 Rh7 32. Qg2 g5 33. Rd3 Rg7 34. Qa8+
Kh7 35. Qh1 gxf4 36. Qxh6+ Kxh6 37. Rxf4 Nxg3 38. Kf2 Nf5 39. Ra3 Kg5 40. Rff3
Rh7 41. Rh3 Rf7 42. Ke2 Kf4 43. Rxa6 Kxe5 44. c3 Rg7 45. Kd3 Rg1 46. b4 d5 47.
Kc2 d4 48. Ra5+ Ke4 49. cxd4 Kxd4 50. Rc5 Rg2+ 51. Kb3 e5 52. Rhc3 Nd6 53. Rc6
Kd5 54. R3c5+ Ke6 55. b5 e4 56. b6 Rg1 57. Kb2 e3 58. b7 Rg8 59. Rxd6+ Kxd6 60.
Rc8 Rg2+ 61. Kc3 1-0

[Event "Weihnachtsopen (A)"]
[Site "Zürich"]
[Date "2010.12.29"]
[Round "5"]
[White "Gosch, Manfred"]
[Black "Sai, Saikrishnan"]
[Result "1-0"]
[WhiteElo "2049"]
[BlackElo "1911"]
[PlyCount "85"]

1. c4 Nf6 2. Nc3 c5 3. e4 Nc6 4. g3 d6 5. Bg2 g6 6. d3 Bg7 7. Nge2 O-O 8. O-O
a6 9. Rb1 Rb8 10. h3 b5 11. f4 Bd7 12. Bd2 Ne8 13. g4 Nc7 14. b3 Ne6 15. f5
Ned4 16. Nd5 Nxe2+ 17. Qxe2 Nd4 18. Qd1 Bc6 19. Bg5 Bxd5 20. exd5 Qd7 21. Be4
b4 22. Rf2 h6 23. Be3 g5 24. h4 Bf6 25. Qd2 Kh7 26. hxg5 hxg5 27. Bxg5 Rh8 28.
Rh2+ Kg7 29. Bh6+ Kg8 30. Kg2 Rh7 31. Rbh1 Re8 32. Bg5 Rxh2+ 33. Rxh2 Be5 34.
Bf4 Bg7 35. Qf2 e6 36. fxe6 Qe7 37. exf7+ Qxf7 38. Bh7+ Kf8 39. Bxd6+ Re7 40.
Bg6 Qf6 41. Qxf6+ Bxf6 42. Rh7 Ne2 43. Rf7+ 1-0

[Event "Weihnachtsopen (A)"]
[Site "Zürich"]
[Date "2010.12.29"]
[Round "5"]
[White "Kaufmann, Parick"]
[Black "Ciolek, Florian"]
[Result "1-0"]
[WhiteElo "2014"]
[BlackElo "1868"]
[PlyCount "93"]

1. e4 e5 2. Nf3 Nc6 3. Bb5 a6 4. Ba4 Nf6 5. O-O Be7 6. Re1 b5 7. Bb3 d6 8. c3
O-O 9. d4 exd4 10. cxd4 Bg4 11. h3 Bh5 12. Nc3 Na5 13. Bc2 c5 14. Bf4 Nc6 15.
dxc5 dxc5 16. e5 Nd7 17. Be4 Rc8 18. Nd5 Nb6 19. Nxe7+ Qxe7 20. Qd6 Nc4 21.
Qxe7 Nxe7 22. b3 Na5 23. Rad1 Bg6 24. Rd6 Bxe4 25. Rxe4 Nac6 26. g4 Rfd8 27.
Be3 Nb8 28. Rxd8+ Rxd8 29. Bxc5 Rd1+ 30. Kg2 Nd5 31. Rd4 Rxd4 32. Nxd4 Nd7 33.
Bd6 Nf4+ 34. Kg3 Ne6 35. Nxe6 fxe6 36. a4 bxa4 37. bxa4 Nb6 38. a5 Nd5 39. Kf3
Kf7 40. h4 Kg6 41. Ke4 h5 42. f3 hxg4 43. fxg4 Kf7 44. Kd4 Ke8 45. h5 Nf4 46.
Kc5 Kd7 47. Kb6 1-0

[Event "Weihnachtsopen (A)"]
[Site "Zürich"]
[Date "2010.12.29"]
[Round "5"]
[White "Kuenzli, Thomas"]
[Black "Arcuti, Davide"]
[Result "0-1"]
[WhiteElo "1974"]
[BlackElo "1790"]
[PlyCount "86"]

1. d4 e6 2. c4 Nf6 3. Nc3 Bb4 4. Qc2 b6 5. a3 Bxc3+ 6. Qxc3 Bb7 7. Bg5 d6 8. e3
Nbd7 9. f3 O-O 10. Bd3 Re8 11. Ne2 Rc8 12. O-O h6 13. Bh4 c5 14. Qd2 Ba6 15.
Rac1 Qe7 16. Rfe1 Qf8 17. b4 Kh8 18. Qd1 d5 19. dxc5 dxc4 20. Bxc4 Bxc4 21.
Rxc4 bxc5 22. Bxf6 Nxf6 23. b5 Nd5 24. Nc3 Red8 25. Qc2 Nb6 26. Rg4 c4 27. Qc1
Qc5 28. Kf2 Rd3 29. Rd1 Rcd8 30. Rxd3 cxd3 31. Qa1 f6 32. Ne4 Qc2+ 33. Kg3 d2
34. Rxg7 Rg8 35. Rxg8+ Kxg8 36. Qxf6 Qc7+ 37. Kh3 d1=Q 38. Qg6+ Kf8 39. Qxh6+
Qg7 40. Qf4+ Ke7 41. Qh4+ Kd7 42. Nc5+ Kc8 43. Qh5 Qd8 0-1

[Event "Weihnachtsopen (A)"]
[Site "Zürich"]
[Date "2010.12.29"]
[Round "5"]
[White "Germann, Leo"]
[Black "Welch, Andreas"]
[Result "0-1"]
[WhiteElo "1798"]
[BlackElo "1969"]
[PlyCount "80"]

1. e4 c5 2. c3 d5 3. exd5 Qxd5 4. d4 Nf6 5. Nf3 e6 6. Be2 Nc6 7. O-O Be7 8. Be3
cxd4 9. cxd4 O-O 10. Nc3 Qd6 11. Qd2 b6 12. Bf4 Qd8 13. a3 Bb7 14. b4 Rc8 15.
Rfd1 Nd5 16. Nxd5 Qxd5 17. Rac1 Rfd8 18. Bc4 Qf5 19. Bd3 Qh5 20. Be2 Qg6 21.
Qe3 Nxd4 22. Rxc8 Nxe2+ 23. Qxe2 Rxc8 24. Bg3 Qe4 25. Qd2 h6 26. h3 Rd8 27. Qc1
Rxd1+ 28. Qxd1 Qd5 29. Qc2 Bd6 30. Bxd6 Qxd6 31. Qc3 Qd1+ 32. Kh2 Bxf3 33. gxf3
Qd5 34. Kg3 a5 35. Qc8+ Kh7 36. Qc3 axb4 37. Qxb4 Qa5 38. Qxa5 bxa5 39. Kf4 Kg6
40. Ke4 Kg5 0-1

[Event "Weihnachtsopen (A)"]
[Site "Zürich"]
[Date "2010.12.29"]
[Round "5"]
[White "Marty, Fridolin"]
[Black "Wahl, Peter"]
[Result "1-0"]
[WhiteElo "1913"]
[BlackElo "1856"]
[PlyCount "99"]

1. e4 e5 2. Nf3 Nc6 3. Bc4 Bc5 4. O-O Nf6 5. d4 exd4 6. e5 d5 7. exf6 dxc4 8.
Re1+ Be6 9. fxg7 Rg8 10. Bg5 Qd6 11. Nbd2 f5 12. Nxc4 Qd5 13. Nfe5 Nxe5 14.
Nxe5 Rxg7 15. Qh5+ Kf8 16. Nf3 Bf7 17. Qh4 Kg8 18. Re5 Qc6 19. Rxf5 Qb6 20. Re1
Bg6 21. Rfe5 Bd6 22. R5e2 Qxb2 23. Bf6 Rf7 24. Bxd4 Qxa2 25. Qh6 Qa4 26. c3 c5
27. Be5 Re8 28. h4 Bf8 29. Qd2 Qd7 30. Qa2 b5 31. Ng5 Bd3 32. Re3 Bc4 33. Qc2
Qf5 34. Qd2 Rd7 35. Qb2 Red8 36. Rg3 Bg7 37. Bxg7 Rxg7 38. Qc1 h6 39. Rf3 Qg6
40. Rg3 hxg5 41. Rxg5 Qd6 42. Rxg7+ Kxg7 43. Qg5+ Kf8 44. Re5 Re8 45. Qf4+ Kg7
46. Rg5+ Qg6 47. h5 Qxg5 48. Qxg5+ Kf8 49. Qxc5+ Re7 50. h6 1-0

[Event "Weihnachtsopen (A)"]
[Site "Zürich"]
[Date "2010.12.29"]
[Round "5"]
[White "Ernst, Heinz"]
[Black "Hofstetter, Thomas"]
[Result "1-0"]
[WhiteElo "2036"]
[BlackElo "1868"]
[PlyCount "83"]

1. d4 d5 2. c4 c6 3. Nf3 Nf6 4. Nc3 e6 5. Bg5 Be7 6. e3 Nbd7 7. Qc2 O-O 8. cxd5
exd5 9. Bd3 h6 10. Bh4 Re8 11. O-O Nf8 12. Rab1 Nh5 13. Bxe7 Qxe7 14. b4 a6 15.
a4 f6 16. Rfc1 Be6 17. Nh4 g5 18. Nf5 Bxf5 19. Bxf5 Ng7 20. Bd3 Red8 21. Ne2
Rac8 22. Ng3 h5 23. Rb3 Rd7 24. Qb1 Rdc7 25. Rbc3 h4 26. Nf5 Nxf5 27. Bxf5 Ne6
28. b5 axb5 29. axb5 Kf7 30. b6 Rd7 31. Qa2 Rdd8 32. Ra3 Rb8 33. h3 Ng7 34. Bd3
Kf8 35. Ra7 Ne8 36. Qa4 Nd6 37. Rxc6 Rdc8 38. Rc5 Ne4 39. Bxe4 Qxe4 40. Rxb7 g4
41. Qd7 Qe8 42. Qg7# 1-0

[Event "Weihnachtsopen (A)"]
[Site "Zürich"]
[Date "2010.12.29"]
[Round "5"]
[White "Sprenger, Raphael"]
[Black "Haas, Adrian"]
[Result "1-0"]
[WhiteElo "1997"]
[BlackElo "1847"]
[PlyCount "65"]

1. e4 c6 2. d4 d5 3. e5 Bf5 4. Ne2 Qb6 5. Nd2 c5 6. Nb3 e6 7. c3 Nc6 8. f4 Nh6
9. h3 Be7 10. dxc5 Bxc5 11. Nxc5 Qxc5 12. Ng3 O-O 13. Bd3 Bxd3 14. Qxd3 f6 15.
Be3 Qe7 16. exf6 Qxf6 17. O-O-O Rac8 18. Kb1 b5 19. a3 a5 20. f5 Nxf5 21. Rhf1
Qg6 22. Nxf5 Rxf5 23. Rxf5 Qxf5 24. Qxf5 exf5 25. Rxd5 b4 26. Rxf5 bxc3 27.
bxc3 Ne7 28. Rc5 Rxc5 29. Bxc5 Nc6 30. Kc2 a4 31. Kd3 Na5 32. Bb4 Nb3 33. Kc4
1-0

[Event "Weihnachtsopen (A)"]
[Site "Zürich"]
[Date "2010.12.29"]
[Round "5"]
[White "Trcek, Ciril"]
[Black "Haufler, Boris"]
[Result "0-1"]
[WhiteElo "1838"]
[BlackElo "2017"]
[PlyCount "48"]

1. e4 e6 2. d4 d5 3. e5 c5 4. c3 Nc6 5. Nf3 Qb6 6. Bd3 cxd4 7. cxd4 Bd7 8. O-O
Nxd4 9. Nxd4 Qxd4 10. Nc3 a6 11. Qe2 Ne7 12. Kh1 Nc6 13. f4 Nb4 14. Bb1 Qc4 15.
Qf3 d4 16. Ne2 d3 17. Nc3 Bc6 18. Qf2 Bc5 19. Qd2 Rd8 20. a3 Nc2 21. Ba2 Qd4
22. Rb1 Ne3 23. Rg1 Nxg2 24. Rxg2 Qg1# 0-1

[Event "Weihnachtsopen (A)"]
[Site "Zürich"]
[Date "2010.12.29"]
[Round "5"]
[White "Retti, Ivan"]
[Black "Iseli, Heinz"]
[Result "1-0"]
[WhiteElo "1906"]
[BlackElo "1807"]
[PlyCount "61"]

1. e4 e6 2. d4 d5 3. Nc3 Bb4 4. e5 c5 5. a3 Ba5 6. Qg4 Ne7 7. Nf3 cxd4 8. b4
dxc3 9. bxa5 Nbc6 10. Qxg7 Rg8 11. Qxh7 Qc7 12. Bf4 Bd7 13. g3 O-O-O 14. Qd3
Nxa5 15. Bg2 Nf5 16. h4 d4 17. Bg5 Bc6 18. Bxd8 Qxd8 19. O-O f6 20. exf6 Qxf6
21. Ng5 Bxg2 22. Kxg2 e5 23. Rfb1 Nd6 24. Ne4 Nxe4 25. Qxe4 Rg7 26. Rh1 Rf7 27.
f3 Nc4 28. h5 Nd2 29. Qg4+ Kb8 30. h6 Qc6 31. Qg8+ 1-0